Random Sports Trivia #2 - Statistics

General Stats
  • This quiz has been taken 157 times
  • The average score is 7 of 15
Answer Stats
Question Answer % Correct
What baseball player is the only player to have the whole league to retire his number? Jackie Robinson
74%
What college basketball team did the Fab Five play for? Michigan
66%
What NFL team was nicknamed "The Purple People Eaters" from the late 60's to the late 70's? Vikings
66%
What NBA player has won the most dunk contests? Nate Robinson
64%
What athlete played professional football and professional baseball besides Bo Jackson? Deion Sanders
63%
What NBA player holds the career record for steals? John Stockton
54%
What NBA player was nicknamed the "Round Mound of Rebound?" Charles Barkley
51%
What is name of the movie about a women's baseball league? A League of Their Own
50%
What MLB player holds the record for most career hits? Pete Rose
50%
What baseball player famously said, "It's not over till it's over." Yogi Berra
45%
What Los Angelos Laker was Stephen A. Smith talking about when he famously said, "He can't play the game of basketball." Kwame Brown
43%
What baseball player holds the record for the longest hitting game streak? Joe DiMaggio
42%
What NFL team is worth the least amount of money? Bills
20%
What college football team holds the record for the most championships? Yale
16%
What soccer player holds the record for the most career goals Josef Bican
1%
No matching quizzes found
Score Distribution
Percent of People with Each Score
Percentile by Number Answered
Your Score History
You have not taken this quiz